| 000 | 00450nam a22001817a 4500 | ||
|---|---|---|---|
| 003 | MPLRDC | ||
| 005 | 20220104192915.0 | ||
| 008 | 210129b ||||| |||| 00| 0 eng d | ||
| 020 | _a978-988-8237-83-8 | ||
| 082 | _a293.25 SMF-4 | ||
| 100 | _a苏民峰 | ||
| 245 |
_a苏民峰2014马年运程 _c |
||
| 250 | _a初版一刷 | ||
| 260 |
_a香港 _b圆方出版社 _c2013 |
||
| 300 | _b平 | ||
| 650 | _a相书--生肖 | ||
| 942 |
_cBK _o293.25 SMF-4 |
||
| 999 |
_c64938 _d64928 |
||